000 01012nam a22002297a 4500
999 _c21354
_d21354
003 AR-CdUCM
008 190308b ||||| |||| 00| 0 spa d
020 _a9786124751707
040 _aMUNICIPALIDAD PROVINCIAL DEL CUSCO
_cBIBLIOTECA MUNICIPAL DEL CUSCO
082 _a781.680/Z40
_bZ40
100 _aZignaigo del Pino, Ivan
_944531
245 _aConferencias del festival del Barroco Latinoamericano 2015-2016 /
260 _aCusco ;
_bDanny de Wiese Tello Bryan Andres,
_c2017.
300 _a135 Páginas. :
_bilustraciones,
_c29 cm.
505 _aContenido: Fiestas barrocas celebradas en Cuzco en 1603-1788 -- Fuentes grabadas y análisis iconográfico del Arte colonial -- Castas y música en las catedrales barrocas -- Catalogación de los archivos músicales del Seminario San Antonio Abad del Cuzco.
650 _aMúsica Barroca
_944532
650 _aMusicología
_913678
650 _aArchivos musicales
_944533
710 _aProyecto Mensurabilis
_944534
942 _2ddc
_cLIBROS
945 _aRoel